000 00492nam a2200181Ia 4500
005 20250508163012.0
008 008 250505s9999 xx 000 0 eng d
037 _aBooks to be hide in OPAC
040 _aFEDL
_beng
_cFEDL
041 _aeng
_2eng
084 _a370.5, AME/O
_qFEDL
245 0 _aAmerican educational research journal
260 _c1982
300 _a638p.
546 _aFall 1982 volume 19 No. 3
942 _cHB
_h370.5, AME/O
999 _c1380056
_d1380056